Renacimiento y barroco en España
Guardat en:
| Autor principal: | |
|---|---|
| Format: | Llibre |
| Idioma: | espanyol |
| Publicat: |
Barcelona
Gustavo Gili
1982
|
| Col·lecció: | Fuentes y Documentos para la HIstoria del Arte, 6
|
| Matèries: | |
| Etiquetes: |
Afegir etiqueta
Sense etiquetes, Sigues el primer a etiquetar aquest registre!
|
MARC
| LEADER | 00000nam a2200000 a 4500 | ||
|---|---|---|---|
| 001 | UCW9246 | ||
| 003 | CL-VaPUC | ||
| 008 | 881229e19820000SP |||||||||||||||||spa|d | ||
| 082 | 0 | 4 | |a 709.024 |b FER |2 21 |
| 100 | 0 | |a Fernández Arenas, José |e author |9 314438 | |
| 245 | 1 | 0 | |a Renacimiento y barroco en España |
| 300 | |a 271 p | ||
| 942 | |c BK | ||
| 945 | |d 19881229 00:00:00 | ||
| 260 | |a Barcelona |b Gustavo Gili |c 1982 | ||
| 650 | 0 | |a Arte |9 265238 | |
| 650 | 0 | |a Historia |9 255047 | |
| 650 | 7 | |a FUENTES |2 CL-VaPUC |9 255666 | |
| 650 | 0 | |a Arte renacentista |9 264949 | |
| 650 | 0 | |a Arte barroco |9 265546 | |
| 651 | 0 | |a España |9 254926 | |
| 583 | |a last modification |c 19881229 00:00:00 |k Rodrigo Vera | ||
| 490 | 0 | |a Fuentes y Documentos para la HIstoria del Arte, 6 | |
| 999 | |c 221267 |d 221265 | ||
| 952 | |0 0 |1 0 |4 0 |6 709_024000000000000_FER_1982 |7 0 |8 X |9 214402 |a BIBHIS |b BIBHIS |d 2019-11-15 |i 2830159 |o 709.024 FER 1982 |p 2830159 |r 2024-01-30 |w 2019-11-15 |y BK_X |k HIS | ||
| 952 | |0 0 |1 0 |4 0 |6 709_024000000000000_FER_1982 |7 0 |8 A |9 214404 |a BIBEDU |b BIBEDU |d 2019-11-15 |i 4740300 |o 709.024 FER 1982 |p 4740300 |r 2019-11-15 |w 2019-11-15 |y BK |k FIL | ||